00668nam a2200169 a 4500008004100000050001600041100001800057245006200075246006100137260002900198300001500227350000900242700001900251995008700270999001700357952012400374120416s1979 ||||||||||||||||| || u aHF 1411 Loz aLozoya, Jorge10aAlternative views of the new international economic order aa survey and analysis of major academic research reports aNew YorkbPergamonc1979 axii, 147p. a0.00 aGreen, Rosario D0.00FCBU-MAIN LIBRARY (Kitwe)H1I0.00M1UAVAILABLEZAnnex Low-Usage Collection  c34120d34120 00102lcc4070a001b001cAnnex Low-Usage Collection d2022-11-30l0oHF 1411 Lozp005795r2022-11-30w2022-11-30y002